Statistics for European Surnames By Country

Click here to take the quiz!

General Stats

  • This quiz has been taken 276 times
    (264 since last reset)
  • The average score is 19 of 37

Answer Stats

Surname Country % Correct
GarcíaSpain
93%
MüllerGermany/Switzerland
85%
SmithUnited Kingdom
84%
MurphyIreland
84%
PapadopoulosGreece
83%
HansenNorway
77%
AlmeidaPortugal
77%
SmirnovRussia
75%
RossiItaly
75%
JensenDenmark
74%
GruberAustria
72%
De JongNetherlands
71%
ArnadóttirIceland
64%
PopescuRomania
61%
IvanovBelarus
52%
MoldovanuMoldova
51%
DimitrovBulgaria
49%
NowakPoland
49%
MartinFrance
48%
NagyHungary
48%
JovanovićSerbia
46%
KazlauskasLithuania
45%
PeetersBelgium
45%
HodžićBosnia & Herzegovina
41%
NovakSlovenia
36%
HorvatCroatia
35%
NovákCzech Republic
34%
BeqiriAlbania
34%
BērzinšLatvia
32%
HorváthSlovakia
29%
KorhonenSweden
28%
TammEstonia
26%
HoxhaKosovo
25%
PopovicMontenegro
24%
StojanovskiMacedonia
21%
MelnikUkraine
17%
(Patronymic Names)Finland
14%

Score Distribution

Percentile by Number Answered

Percent of People with Each Score

Your Score History

You have not taken this quiz since the last reset